[Event "HUN-ch U18"]
[Site "Balatonlelle"]
[Date "2019.06.28"]
[Round "9"]
[White "Barasits, Balint"]
[Black "Varga, Marcell1111"]
[Result "1-0"]
[WhiteElo "2022"]
[BlackElo "2106"]
[PlyCount "73"]
[EventDate "2019.06.21"]
[EventType "swiss"]
[EventRounds "9"]
[EventCountry "HUN"]
[SourceTitle "CBM 191 Extra"]
[Source "ChessBase"]
[SourceDate "2019.09.30"]
[SourceVersion "1"]
[SourceVersionDate "2019.09.30"]
[SourceQuality "1"]

1. e4 e5 2. Nf3 Nc6 3. d4 exd4 4. Nxd4 Nf6 5. Nc3 Bb4 6. Nxc6 bxc6 7. Bd3 d5 8. exd5 cxd5 9. 0-0 0-0 10. h3 c6 11. Qf3 Re8 12. Bf4 Bd6 13. Rfe1 Be6 14. Ne2 Rb8 15. b3 c5 16. Bxd6 Qxd6 17. Nf4 Nd7 18. Rad1 Rb4 19. Nxe6 fxe6 20. Bxh7+ Kh8 21. Bg6 Reb8 22. Qh5+ Kg8 23. Qh7+ Kf8 24. Qh8+ Ke7 25. Qxg7+ Kd8 26. Qg8+ Nf8 27. Bf7 Kd7 28. Qg7 Kc6 29. Qe5 Kd7 30. Bxe6+ Qxe6 31. Qg7+ Kd6 32. Rxe6+ Nxe6 33. Qxa7 R8b7 34. Qa6+ R7b6 35. Qd3 Nf4 36. Qh7 Rb7 37. Qh6+ 1-0

[Event "HUN-ch U18"]
[Site "Balatonlelle"]
[Date "2019.06.27"]
[Round "8"]
[White "Horvath, Balazs1111"]
[Black "Barasits, Balint"]
[Result "1-0"]
[WhiteElo "2139"]
[BlackElo "2022"]
[PlyCount "87"]
[EventDate "2019.06.21"]
[EventType "swiss"]
[EventRounds "9"]
[EventCountry "HUN"]
[SourceTitle "CBM 191 Extra"]
[Source "ChessBase"]
[SourceDate "2019.09.30"]
[SourceVersion "1"]
[SourceVersionDate "2019.09.30"]
[SourceQuality "1"]

1. e4 e5 2. Bc4 Nf6 3. d3 h6 4. Nc3 Nc6 5. f4 d6 6. Nf3 Bg4 7. h3 Bxf3 8. Qxf3 Nd4 9. Qf2 c6 10. Be3 b5 11. Bb3 Nxb3 12. axb3 b4 13. Ne2 Qc7 14. 0-0 c5 15. Ng3 Be7 16. Nf5 Bf8 17. fxe5 dxe5 18. Nxh6 a5 19. Bg5 Ra6 20. Nf5 Ng8 21. Ne3 f6 22. Nd5 Qc8 23. Qg3 Ne7 24. Nxe7 Bxe7 25. Be3 g5 26. Qf2 Ra7 27. Ra4 Qc6 28. Rfa1 Qc7 29. Qf5 Rh6 30. Qe6 Rg6 31. c3 bxc3 32. bxc3 Qd7 33. Qd5 Qxd5 34. exd5 Rb7 35. Rb1 Bd8 36. Bxc5 Rc7 37. Rxa5 Rd7 38. Ra8 Rxd5 39. d4 e4 40. c4 Rd7 41. b4 f5 42. b5 Kf7 43. Ra7 Rxa7 44. Bxa7 1-0

[Event "HUN-ch U18"]
[Site "Balatonlelle"]
[Date "2019.06.26"]
[Round "7"]
[White "Monduk, Ferenc"]
[Black "Barasits, Balint"]
[Result "0-1"]
[WhiteElo "1717"]
[BlackElo "2022"]
[PlyCount "84"]
[EventDate "2019.06.21"]
[EventType "swiss"]
[EventRounds "9"]
[EventCountry "HUN"]
[SourceTitle "CBM 191 Extra"]
[Source "ChessBase"]
[SourceDate "2019.09.30"]
[SourceVersion "1"]
[SourceVersionDate "2019.09.30"]
[SourceQuality "1"]

1. e4 e5 2. Nf3 Nf6 3. Nc3 Bb4 4. Bd3 d6 5. 0-0 Bxc3 6. dxc3 h6 7. c4 Nbd7 8. Re1 0-0 9. b4 Qe7 10. a4 a5 11. c3 b6 12. Nh4 Rd8 13. Nf5 Qf8 14. Qf3 Kh7 15. g4 Ng8 16. g5 g6 17. Nxh6 Nxh6 18. gxh6 Qe7 19. h3 Rg8 20. Kh2 c5 21. b5 Nf8 22. Rg1 f6 23. h4 Ne6 24. Rg3 Bb7 25. h5 g5 26. Qf5+ Kxh6 27. Bd2 Bc8 28. Qf3 Nf4 29. Rag1 Be6 30. Rh1 Qf7 31. Rg2 Nxg2 32. Kxg2 Raf8 33. Qe2 Rg7 34. Kf1 Rh7 35. Qf3 Rfh8 36. Ke1 Kg7 37. Bc2 Rh6 38. Qg2 Kf8 39. Bxg5 fxg5 40. Qxg5 Rf6 41. h6 Qg6 42. Qd2 Bf7 0-1

[Event "HUN-ch U18"]
[Site "Balatonlelle"]
[Date "2019.06.22"]
[Round "2"]
[White "Barasits, Balint"]
[Black "Miszler, Levente"]
[Result "0-1"]
[WhiteElo "2022"]
[BlackElo "2041"]
[PlyCount "112"]
[EventDate "2019.06.21"]
[EventType "swiss"]
[EventRounds "9"]
[EventCountry "HUN"]
[SourceTitle "CBM 191 Extra"]
[Source "ChessBase"]
[SourceDate "2019.09.30"]
[SourceVersion "1"]
[SourceVersionDate "2019.09.30"]
[SourceQuality "1"]

1. e4 e6 2. d4 d5 3. Nd2 Nf6 4. e5 Nfd7 5. Bd3 c5 6. c3 Nc6 7. Ne2 cxd4 8. cxd4 f6 9. exf6 Nxf6 10. Nf3 Bd6 11. 0-0 0-0 12. Nc3 Qe8 13. h3 e5 14. dxe5 Nxe5 15. Nxe5 Qxe5 16. f4 Bc5+ 17. Kh1 Qd6 18. Qf3 Bd7 19. f5 Bc6 20. Bf4 Qd7 21. Be5 Rae8 22. Bxf6 Re3 23. Qf4 Rxd3 24. Be5 d4 25. Ne4 Bxe4 26. Qxe4 Re3 27. Qf4 Qd5 28. Rae1 Rxh3+ 29. Kg1 d3+ 30. Rf2 Bxf2+ 31. Kxf2 d2 32. Rd1 Rd3 33. f6 gxf6 34. Bxf6 Qd4+ 35. Qxd4 Rxd4 36. Ke3 Rd7 37. Bc3 Re8+ 38. Kf2 Re1 39. Rxd2 Rxd2+ 40. Bxd2 Re6 41. g3 Kf7 42. Bc3 Kg6 43. Kf3 Rc6 44. Ke4 Kg5 45. Be5 Kg4 46. Kd5 Ra6 47. b4 Rxa2 48. Kd6 Ra6+ 49. Kc5 Rg6 50. Bb8 Rg5+ 51. Kc4 a6 52. Bf4 Rf5 53. Bc7 h5 54. Bb8 b5+ 55. Kd4 Rf3 56. Kc5 Rxg3 0-1

[Event "HUN-chT2 Szechenyi 1718"]
[Site "Hungary"]
[Date "2018.05.06"]
[Round "9.2"]
[White "Egresi, Mate"]
[Black "Barasits, Balint"]
[Result "1-0"]
[WhiteElo "2290"]
[BlackElo "1944"]
[PlyCount "87"]
[EventDate "2017.10.29"]
[EventType "team-tourn"]
[EventRounds "9"]
[EventCountry "HUN"]
[SourceTitle "EXT 2021"]
[Source "ChessBase"]
[SourceDate "2020.10.23"]
[SourceVersion "1"]
[SourceVersionDate "2020.10.23"]
[SourceQuality "1"]
[WhiteTeam "Ajka Banyasz"]
[BlackTeam "Arboretum"]
[WhiteTeamCountry "HUN"]
[BlackTeamCountry "HUN"]

1. d4 d5 2. c4 e6 3. Nf3 Nf6 4. Nc3 Nbd7 5. Bf4 c6 6. e3 Be7 7. h3 0-0 8. Qc2 Re8 9. Bd3 dxc4 10. Bxc4 b5 11. Bd3 Bb7 12. e4 b4 13. Na4 Qa5 14. 0-0 c5 15. e5 Nh5 16. Bxh7+ Kh8 17. Ng5 Bxg5 18. Bxg5 cxd4 19. Be4 Rac8 20. Qe2 Bxe4 21. Qxe4 Qxe5 22. Qh4 g6 23. g4 f6 24. Bd2 Rc2 25. Rad1 Rg8 26. gxh5 gxh5+ 27. Kh1 Qe2 28. Qf4 Rg6 29. Rfe1 Qd3 30. Be3 Qb5 31. Qe4 f5 32. Bxd4+ Kh7 33. Qf3 f4 34. Rg1 Rc4 35. Rxg6 Kxg6 36. Qe4+ Qf5 37. Rg1+ Kh6 38. Qxf5 exf5 39. Bxa7 Ne5 40. Rd1 Kg5 41. Kg2 f3+ 42. Kh2 Rh4 43. Be3+ f4 44. Rd4 1-0

[Event "HUN-chT2 Szechenyi 1516"]
[Site "Hungary"]
[Date "2016.04.03"]
[Round "10.9"]
[White "Barasits, Balint"]
[Black "Domonkos, Jozsef"]
[Result "0-1"]
[WhiteElo "1717"]
[BlackElo "1727"]
[PlyCount "58"]
[EventDate "2015.09.13"]
[EventType "team-tourn"]
[EventRounds "11"]
[EventCountry "HUN"]
[SourceTitle "EXT 2017"]
[Source "ChessBase"]
[SourceDate "2016.10.25"]
[SourceVersion "1"]
[SourceVersionDate "2016.10.25"]
[SourceQuality "1"]
[WhiteTeam "Arboretum"]
[BlackTeam "Ezust Huszar"]
[WhiteTeamCountry "HUN"]
[BlackTeamCountry "HUN"]

1. e4 c5 2. Nf3 Nc6 3. d4 cxd4 4. Nxd4 e5 5. Nb5 d6 6. c4 a6 7. N5c3 Be6 8. Be2 g6 9. 0-0 h5 10. Na3 Rc8 11. Nc2 h4 12. Bg4 Qd7 13. Ne3 Nf6 14. Ncd5 Qd8 15. Qf3 Bg7 16. Qh3 Nd4 17. Rd1 Nxg4 18. Nxg4 Rxc4 19. Be3 Bxd5 20. Bxd4 Be6 21. Bc3 Qc8 22. f3 Ke7 23. g3 hxg3 24. Qxg3 Bxg4 25. fxg4 Rxe4 26. h3 Qc5+ 27. Kh2 Re3 28. Qg2 Rexh3+ 29. Qxh3 Qf2+ 0-1

[Event "HUN-chT2 Szechenyi 1314"]
[Site "Hungary"]
[Date "2014.03.23"]
[Round "9.8"]
[White "Czupor, Attila"]
[Black "Barasits, Balint"]
[Result "1-0"]
[WhiteElo "1985"]
[BlackElo "1543"]
[PlyCount "75"]
[EventDate "2013.09.08"]
[EventType "team-tourn"]
[EventRounds "11"]
[EventCountry "HUN"]
[SourceTitle "EXT 2016"]
[Source "ChessBase"]
[SourceDate "2015.10.08"]
[SourceVersion "1"]
[SourceVersionDate "2015.10.08"]
[SourceQuality "1"]
[WhiteTeam "Sarvar"]
[BlackTeam "Arboretum"]
[WhiteTeamCountry "HUN"]
[BlackTeamCountry "HUN"]

1. e4 e5 2. Nf3 Nf6 3. Nxe5 d6 4. Nf3 Nxe4 5. Qe2 Qe7 6. d3 Nf6 7. Bg5 Qxe2+ 8. Bxe2 Be7 9. Nc3 Bg4 10. 0-0-0 Nc6 11. d4 0-0-0 12. d5 Ne5 13. Nxe5 Bxe2 14. Nxf7 Bxd1 15. Rxd1 Rhe8 16. Nxd8 Bxd8 17. Bd2 Kd7 18. f3 Re5 19. Bf4 Re8 20. g4 h6 21. Kd2 Nh7 22. Bg3 Bf6 23. Re1 Rxe1 24. Bxe1 Be5 25. Bg3 g5 26. Bxe5 dxe5 27. Ne4 b6 28. c4 Ke7 29. Ng3 Kf6 30. Kd3 Kg6 31. Ke4 Nf8 32. Kxe5 Nd7+ 33. Kd4 a5 34. a3 a4 35. Ne4 Kf7 36. c5 bxc5+ 37. Nxc5 Nxc5 38. Kxc5 1-0

[Event "HUN-chT2 Szechenyi 1314"]
[Site "Hungary"]
[Date "2014.03.02"]
[Round "8.10"]
[White "Barasits, Balint"]
[Black "Kurcsics, Mate"]
[Result "0-1"]
[WhiteElo "1543"]
[BlackElo "1883"]
[PlyCount "50"]
[EventDate "2013.09.08"]
[EventType "team-tourn"]
[EventRounds "11"]
[EventCountry "HUN"]
[SourceTitle "EXT 2016"]
[Source "ChessBase"]
[SourceDate "2015.10.08"]
[SourceVersion "1"]
[SourceVersionDate "2015.10.08"]
[SourceQuality "1"]
[WhiteTeam "Arboretum"]
[BlackTeam "Lovo"]
[WhiteTeamCountry "HUN"]
[BlackTeamCountry "HUN"]

1. e4 c5 2. Nf3 Nc6 3. d4 cxd4 4. Nxd4 g6 5. Nb3 Bg7 6. Be3 Bxb2 7. c3 Na5 8. N1d2 Nxb3 9. Rb1 Nxd2 10. Qxd2 Ba3 11. e5 d6 12. Bc4 Be6 13. Bxe6 fxe6 14. Rxb7 Rb8 15. Rxa7 Rb1+ 16. Ke2 Rb2 17. Rxa3 Rxd2+ 18. Bxd2 dxe5 19. Rd1 Qd5 20. f3 Kf7 21. Bg5 Qc4+ 22. Kd2 Nf6 23. Kc2 h6 24. Bxf6 Kxf6 25. Re1 Rd8 0-1

[Event "HUN-chT2 Szechenyi 1314"]
[Site "Hungary"]
[Date "2013.09.08"]
[Round "1.12"]
[White "Horvath, Soma"]
[Black "Barasits, Balint"]
[Result "0-1"]
[WhiteElo "1443"]
[BlackElo "1543"]
[PlyCount "68"]
[EventDate "2013.09.08"]
[EventType "team-tourn"]
[EventRounds "11"]
[EventCountry "HUN"]
[SourceTitle "EXT 2016"]
[Source "ChessBase"]
[SourceDate "2015.10.08"]
[SourceVersion "1"]
[SourceVersionDate "2015.10.08"]
[SourceQuality "1"]
[WhiteTeam "Szombathely Haladas III"]
[BlackTeam "Arboretum"]
[WhiteTeamCountry "HUN"]
[BlackTeamCountry "HUN"]

1. e4 c6 2. d4 d5 3. exd5 cxd5 4. Nf3 Bf5 5. Bf4 e6 6. Nbd2 Bd6 7. Be5 f6 8. Bxd6 Qxd6 9. c3 a6 10. Nb3 Nd7 11. Bd3 Bg6 12. 0-0 Ne7 13. Re1 Kf7 14. Rc1 Rac8 15. Rc2 Bxd3 16. Qxd3 Ng6 17. Rce2 Nf4 18. Qd2 Nxe2+ 19. Rxe2 Rce8 20. Re1 Re7 21. Qd3 g6 22. g3 Rhe8 23. Rd1 b5 24. a3 e5 25. dxe5 Nxe5 26. Nxe5+ Rxe5 27. Rd2 Qc6 28. Na5 Qe6 29. Nb3 Qh3 30. f4 Re1+ 31. Kf2 Qxh2+ 32. Kf3 Qh1+ 33. Kf2 Qg1+ 34. Kf3 R8e3+ 0-1

[Event "HUN-chT2 Szechenyi 1213"]
[Site "Hungary"]
[Date "2012.09.16"]
[Round "1.11"]
[White "Barasits, Balint"]
[Black "Ugroczky, Peter"]
[Result "0-1"]
[WhiteElo "1558"]
[BlackElo "1807"]
[PlyCount "66"]
[EventDate "2012.09.16"]
[EventType "team-tourn"]
[EventRounds "11"]
[EventCountry "HUN"]
[SourceTitle "EXT 2014"]
[Source "ChessBase"]
[SourceDate "2013.11.20"]
[SourceVersion "1"]
[SourceVersionDate "2013.11.20"]
[SourceQuality "1"]
[WhiteTeam "Arboretum"]
[BlackTeam "Haladas III"]
[WhiteTeamCountry "HUN"]
[BlackTeamCountry "HUN"]

1. e4 c5 2. Nf3 d6 3. d4 cxd4 4. Nxd4 Nf6 5. Nc3 Nc6 6. Be2 e6 7. Be3 Be7 8. 0-0 0-0 9. Bc4 Na5 10. Bb3 Nxb3 11. cxb3 d5 12. exd5 Nxd5 13. Nxd5 Qxd5 14. Qg4 Bf6 15. Rfd1 e5 16. Nf5 Qe6 17. Nh6+ Kh8 18. Bc5 Re8 19. Qh5 gxh6 20. Rd6 Qe7 21. Rd5 Qc7 22. Bd6 Qc6 23. Qxf7 Bg7 24. Bxe5 Bxe5 25. Rxe5 Rg8 26. g3 Bh3 27. Qd5 Rac8 28. Rae1 Qxd5 29. Rxd5 Rge8 30. Red1 Rc2 31. Rb5 Rf8 32. Rxb7 Rcxf2 33. Re7 Rf1+ 0-1

[Event "HUN-chT2 Szechenyi 1112"]
[Site "Hungary"]
[Date "2012.03.25"]
[Round "8.12"]
[White "Huszar, Nora"]
[Black "Barasits, Balint"]
[Result "1/2-1/2"]
[WhiteElo "1737"]
[BlackElo "1493"]
[PlyCount "120"]
[EventDate "2011.09.25"]
[EventType "team-tourn"]
[EventRounds "11"]
[EventCountry "HUN"]
[SourceTitle "EXT 2013"]
[Source "ChessBase"]
[SourceDate "2012.11.22"]
[SourceVersion "1"]
[SourceVersionDate "2012.11.22"]
[SourceQuality "1"]
[WhiteTeam "Keszthely"]
[BlackTeam "Arboretum"]
[WhiteTeamCountry "HUN"]
[BlackTeamCountry "HUN"]

1. d4 d5 2. c4 c6 3. Nc3 Nf6 4. Nf3 Bf5 5. Bg5 e6 6. e3 Nbd7 7. a3 Be7 8. Be2 0-0 9. 0-0 h6 10. Bh4 Ne4 11. Bxe7 Qxe7 12. Nxe4 Bxe4 13. Bd3 Bxd3 14. Qxd3 e5 15. Nxe5 Nxe5 16. dxe5 dxc4 17. Qxc4 Qxe5 18. b4 Rfd8 19. Rad1 Rd6 20. Qc5 Qxc5 21. bxc5 Rd5 22. Rxd5 cxd5 23. Rd1 Rd8 24. e4 d4 25. f4 Rc8 26. Rxd4 Rxc5 27. Rd8+ Kh7 28. Rd7 Ra5 29. Rxb7 Rxa3 30. Rxf7 a5 31. Ra7 a4 32. e5 Ra1+ 33. Kf2 Ra2+ 34. Kf3 Ra3+ 35. Ke4 Ra1 36. e6 a3 37. Kf5 Ra2 38. g3 Ra1 39. e7 Re1 40. Rxa3 Rxe7 41. Ra6 Rf7+ 42. Ke4 Re7+ 43. Kf3 g6 44. h4 h5 45. Ra5 Kh6 46. f5 Rf7 47. Kf4 gxf5 48. Rxf5 Ra7 49. Rf6+ Kg7 50. Kg5 Ra5+ 51. Rf5 Ra3 52. Kxh5 Rxg3 53. Rg5+ Rxg5+ 54. hxg5 Kh7 55. g6+ Kg8 56. Kg5 Kg7 57. Kf5 Kg8 58. Kg5 Kg7 59. Kf5 Kg8 60. Kf6 Kf8 1/2-1/2

[Event "HUN-chT U18"]
[Site "Miskolc"]
[Date "2011.11.03"]
[Round "3.3"]
[White "Miklosi, Domonkos"]
[Black "Barasits, Balint"]
[Result "1-0"]
[WhiteElo "1711"]
[BlackElo "1493"]
[PlyCount "63"]
[EventDate "2011.11.02"]
[EventType "team-swiss"]
[EventRounds "8"]
[EventCountry "HUN"]
[SourceTitle "EXT 2012"]
[Source "ChessBase"]
[SourceDate "2011.11.24"]
[SourceVersion "1"]
[SourceVersionDate "2011.11.24"]
[SourceQuality "1"]
[WhiteTeam "Honved Aurora"]
[BlackTeam "Desi"]
[WhiteTeamCountry "HUN"]
[BlackTeamCountry "HUN"]

1. d4 d5 2. c4 Nf6 3. Nc3 Bf5 4. Nf3 e6 5. Bg5 Nbd7 6. e3 c5 7. Ne5 Be7 8. Nxd7 Qxd7 9. Bxf6 Bxf6 10. cxd5 exd5 11. Bb5 cxd4 12. Bxd7+ Bxd7 13. Nxd5 dxe3 14. Nc7+ Ke7 15. Nxa8 Rxa8 16. Qe2 Kf8 17. fxe3 Rc8 18. 0-0 a6 19. Qd2 Bb5 20. Rac1 Rd8 21. Qb4+ Kg8 22. Rc7 h6 23. Rfc1 Bc6 24. R1xc6 bxc6 25. Qb3 Rd2 26. Rxc6 Rxb2 27. Qd3 Rb8 28. Qxa6 Rb1+ 29. Kf2 Rb2+ 30. Kf3 Rb8 31. Rc8+ Rxc8 32. Qxc8+ 1-0